Statistiques concernant Noël par lettre - Y

Cliquez ici pour prendre le quiz!

Statistiques générales

  • Ce quiz a été pris 139 fois
  • Le résultat moyen est 7 sur 10

Statistiques - réponses

IndiceRéponse% Correct
Complétez ce souhait de bonne année: "Happy new___!"Year
96%
Aussi connu sous le nom d'abominable homme des
neiges
Yéti
95%
Jouet considéré comme le plus ancien du monde
après la toupie, constitué d'une ficelle et d'un axe
Yoyo
93%
Complétez les paroles: "Et les ___ tournés vers le ciel
À genoux, les petits enfants"
Yeux
92%
All I want for Christmas is?You
91%
Etat du Golfe faisant partie des rares pays
où Noël n'est pas un jour férié officiel
Yémen
90%
Technique de chant emblématique des cimes
enneigées du Tyrol
Yodel
50%
Langue juive européenne dans laquelle Noël s'écrit ניטלYiddish
45%
Prénom du meilleur ami de Rudolph, le petit renne au
nez rouge, partagé avec un territoire canadien
Yukon
18%
Fête du solstice d'hiver occidentale, associée à Noël
dans les pays scandinaves
Yule
9%

Distribution des résultats

Percentile par nombre de réponses

% des personnes avec chaque résultat

Votre développement - résultats

Vous n’avez pas pris ce quiz